000 00927nas a2200265 454500
001 41549
005 20260407193511.0
008 260407s ####ag###########|||spa#d
003 AR-UNSa-BCEJYS
040 _aAR-UNSa-BCEJYS
_bspa
_cAR-UNSa-BCEJYS
080 _a330.101
_xCiencia económica en general. La economía y sus problemas. Objeto y métodos de la economía política
245 1 0 _aReview of political economy
022 _a0953-8259
264 1 _aOxfordshire :
_bCarfax
310 _aFrecuencia: Cuatrimestral Cambia de Director a partir del Vol. 8, Nº 1 por Steve Pressman
041 _aspa
942 _cSER
590 _aniveau_biblio:s niveau_hierar:1
100 1 _aMongiovi, Gary
700 1 _aPheby, John
650 _aKEYNESIANISMO
650 _aTEORIA ECONOMICA
650 _aECONOMIA POLITICA
856 4 1 _uhttps://biblioeco.unsa.edu.ar/pmb/images/revistas/R20718.jpg
_yImagen de portada
_qimage/jpeg
999 _c8884
_d8884